000 00295nam a22001337a 4500
008 170627b xxu||||| |||| 00| 0 eng d
020 _a0030146437
041 _aeng
080 _a05
100 _a21
101 _aGJL
245 _aENGLISH WRITING AND SKILLS
_cWINTEROWD,W.R
942 _2udc
_cBK
999 _c19235
_d19235